000
00321nam a2200109Ia 4500
008
171211s9999 xx 000 0 und d
245
_a
WordPress: The Missing Manual, 2nd edition
245
_c
Matthew MacDonald
260
_c
2014
650
_x
Web Development
856
_u
http://down.ebook777.com/008/144934190XWoPre.pdf
999
_c
350109
_d
350109